| 000 | 00376nam a2200157Ia 4500 | ||
|---|---|---|---|
| 008 | 230524s9999 xx 000 0 und d | ||
| 082 |
_a4.678 _bPER |
||
| 100 |
_aPaul J.Perry _917546 |
||
| 245 | 0 | _aWorld wide Web Service | |
| 250 | _a1ST | ||
| 260 |
_aNEW DELHI _bComdex _c1996 |
||
| 300 | _aXXVIII;705 | ||
| 500 | _aQuantity Number: 1 | ||
| 650 | _aComp-Sc | ||
| 942 | _cBK | ||
| 999 |
_c26548 _d26548 |
||